| 000 | 00533nam a22001817a 4500 | ||
|---|---|---|---|
| 999 |
_c160707 _d160707 |
||
| 005 | 20190214112539.0 | ||
| 010 | _aENG-124779 | ||
| 020 |
_a9789383501786 _c850.00 |
||
| 035 | _aEN-108311 | ||
| 037 | _bDBAD/PUB | ||
| 082 | _aS | ||
| 100 | _aGarg, Manoj | ||
| 245 |
_aGreat stories by nobel prize winners/ _cby Manoj Garg |
||
| 260 |
_aDelhi _bDolphin Books _c2018 |
||
| 270 |
_aShop No.9A, 22 Number lane, Plot No.4735, Old Medical Asso.Road _bDaryaganj, Delhi _e110002 |
||
| 300 |
_a239p. _c23cm(Hb) |
||
| 942 |
_2ddc _cEN _hS _mGAR |
||